Catálogo nacional de cooperativas / (Registro nro. 43471)

Detalles MARC
000 -LEADER
campo de control de longitud fija 00609nam a2200169 i 4500
001 - NÚMERO DE CONTROL
campo de control 43471
003 - IDENTIFICADOR DE NÚMERO DE CONTROL
campo de control ES-MaACL
005 - FECHA Y HORA DE LA ÚLTIMA TRANSACCIÓN
campo de control 20230906160813.0
007 - CAMPO FIJO DE DESCRIPCIÓN FÍSICA--INFORMACIÓN GENERAL
campo de control de longitud fija t|
008 - DATOS DE LONGITUD FIJA--INFORMACIÓN GENERAL
campo de control de longitud fija 030317s1965 sp ||||1| spa d
245 00 - MENCIÓN DEL TÍTULO
Título Catálogo nacional de cooperativas /
Mención de responsabilidad, etc. director técnico, Martín Juárez Alonso ; director comercial, Joaquín Solis Rivera.
260 ## - PUBLICACIÓN, DISTRIBUCIÓN, ETC.
Lugar de publicación, distribución, etc. Madrid :
Nombre del editor, distribuidor, etc. Oficina Gráfica,
Fecha de publicación, distribución, etc. [1965] (
Fabricante Oficina Gráfica Madrileña)
300 ## - DESCRIPCIÓN FÍSICA
Extensión VIII, 596 p., 3 lám. ;
Dimensiones 28 cm.
700 1# - ENTRADA AGREGADA--NOMBRE PERSONAL
Nombre de persona Juárez Alonso, Martín.
9 (RLIN) 67162
700 1# - ENTRADA AGREGADA--NOMBRE PERSONAL
Nombre de persona Solís Rivera, Joaquín.
9 (RLIN) 107218
852 ## - LOCALIZACIÓN
Ubicación ES-MaACL
Número de control de estantería C-30812
Sublocalización o colección R.70138
Existencias
Estatus retirado Estado de pérdida Estado de daño No para préstamo Biblioteca de origen Biblioteca actual Ubicación en estantería Fecha de adquisición Fuente de adquisición Total de préstamos Signatura topográfica completa Código de barras Visto por última vez Precio de reemplazo Tipo de ítem Koha
        Biblioteca del Ateneo de Madrid Biblioteca del Ateneo de Madrid Depósito 2 17/01/2008     C-30812 1045765 23/02/2023 23/02/2023 Libro impreso